Coppie di fatto Storie di ordinaria discriminazione

Gespeichert in:
Bibliographische Detailangaben
1. Verfasser: Grillini, Franco
Format: Unbekannt
Sprache:Englisch
Veröffentlicht: Roma Camera dei Deputati 2005
Tags: Tag hinzufügen
Keine Tags, Fügen Sie das erste Tag hinzu!

MARC

LEADER 00000 a2200000 4500
005 20240805140439.0
008 240717b |||||||| |||| 00| 0 eng d
040 |c GP 
100 |a Grillini, Franco 
245 |a Coppie di fatto  |b Storie di ordinaria discriminazione 
260 |a Roma  |b Camera dei Deputati  |c 2005 
942 |2 ddc  |c BK  |n 0 
952 |0 0  |1 0  |2 ddc  |4 0  |6 306_766000000000000_GRI  |7 1  |9 1641  |a RM  |b RM  |d 2024-07-17  |l 0  |o 306.766 GRI  |p 710  |r 2024-07-17 19:31:04  |w 2024-07-17  |y BK 
999 |c 1457  |d 1457